Aesculapian Argot - Part 8 Quiz Stats

Quiz not verified by Sporcle

Challenge
Share
Tweet
Score 0/15 Timer 04:00
0 Plays Today
% Correct
OBE
82.8%
M&Ms
79.7%
OBS
79.7%
PNR
78.1%
OPD
73.4%
PAAF
73.4%
NARS
71.9%
PBS
71.9%
% Correct
QID
68.8%
PFH
67.2%
OTLP
60.9%
RT
59.4%
PBTB
57.8%
PLH
57.8%
OBECALP
51.6%

You're not logged in!

Compare scores with friends on all Sporcle quizzes.
Sign Up with Email
OR
Log In

You Might Also Like...

Show Comments

Extras

Top Quizzes Today


Score Distribution

Your Account Isn't Verified!

In order to create a playlist on Sporcle, you need to verify the email address you used during registration. Go to your Sporcle Settings to finish the process.